| 000 | 01015nam0a22002531 4500 | ||
|---|---|---|---|
| 001 | rc\449661 | ||
| 005 | 20030616171512.6 | ||
| 035 | _a(NLR Aleph) 005694805 | ||
| 090 |
_a7214533 _c7214533 |
||
| 100 | _a20030616d1987 u |0rusy50 ca | ||
| 101 | 0 | _arus | |
| 102 | _aRU | ||
| 105 | _ay ||||||||| | ||
| 200 | 1 |
_aСОСТОЯНИЯ с малой энергией связи в короткодействующем потенциале при наличии магнитного поля _fС.П. Андреев, Б.М. Карнаков, А.В. Кошелкин, В.Д. Мур |
|
| 210 |
_aМ. _cМИФИ _d1987 |
||
| 215 |
_a24 с. _d20 |
||
| 225 | 1 |
_aПрепринт _fМ-во высш. и сред. спец. образования СССР, Моск. инж.-физ. ин-т _v027-87 |
|
| 320 | _aБиблиогр.: с. 22-23 | ||
| 701 | 1 |
_aАндреев _bС. П. _gСергей Павлович |
|
| 801 | 0 |
_aRU _bNLR _gpsbo |
|
| 801 | 1 |
_aRU _bELAR _2rusmarc |
|
| 852 |
_aNLR _j88-4/9959 |
||
| 942 | _cBOOK | ||
| 980 | _aNB | ||